On the role of expectations in Costa Rican business cycle: an econometric research /
Gespeichert in:
| 1. Verfasser: | |
|---|---|
| Format: | Text |
| Tags: |
Tag hinzufügen
Keine Tags, Fügen Sie den ersten Tag hinzu!
|
MARC
| LEADER | 00000 a a2200000 04500 | ||
|---|---|---|---|
| 001 | 47432 | ||
| 003 | |||
| 040 | |||
| 100 | |a Gómez Trejos, Felipe A. | ||
| 245 | |a On the role of expectations in Costa Rican business cycle: |b an econometric research / |c Felipe A. Gómez Trejos | ||
| 773 | |g volumen32, número1, (2014), páginas 43-61 : tablas, gráficos | ||
| 999 | |c 39056 |d 39056 | ||
